000
00253nam a2200109Ia 4500
008
240625s9999 xx 000 0 und d
041
_a
eng
082
_a
413 OXF
100
_a
OXFORD
245
_a
OXFORD LEARNER S DICTIONARY OF ACADEMIC
260
_c
2014
999
_c
35263
_d
35263